Primera historia de Esther = Primera història d'Esther / Salvador Espriu ; traducción de Juan Ramón Masoliver ; edición y prólogo de R. Pinyol-Balasch

per Espriu, Salvador, 1913-1985

Publicat: Barcelona : Edicions del Mall , 1986
Descripció física: 195 p. ; 22 cm
Col·lecció: Marca Hispánica

MARC

LEADER 00000nam a2200000Ia 4500
001 1935
008 160829s1986 xx 000 0 cat d
080 |a L-1-79 
100 1 |a Espriu, Salvador,  |d 1913-1985  |9 24496 
245 |a Primera historia de Esther = Primera història d'Esther / Salvador Espriu ; traducción de Juan Ramón Masoliver ; edición y prólogo de R. Pinyol-Balasch 
260 |a Barcelona :  |b Edicions del Mall,  |c 1986 
300 |a 195 p. ;  |c 22 cm 
490 |a Marca Hispánica 
590 |a Edició bilingüe, català-castellà. Títol original: 'Primera història d'Esther'. 
700 |a Masoliver, Juan Ramón, tr.   |9 25827 
700 |a Pinyol i Balasch, Ramon, ed.  |9 28815 
901 |a Arxiu 
942 |n 1 
952 |0 0  |1 0  |4 0  |6 L179  |7 1  |9 44947  |a Arxiu  |b Arxiu  |d 2016-12-01  |l 0  |o L-1-79  |p 1935  |r 2016-12-01 00:00:00  |w 2016-12-01  |y ARXIU 
999 |c 47546  |d 47546